Science Quiz

Random Science Quiz

Suboccipital triangle muscles Quiz Stats

 Plays Quiz not verified by Sporcle

Also try: 'E' Natural World
Challenge
Share
Tweet
Score 0/20 Timer 20:00
0 Plays Today
Hint Answer % Correct
N3Suboccipital nerve (C1)
73.7%
M1Obliquus capitis superior
68.4%
M3Rectus capitis posterior major
68.4%
N1Suboccipital nerve (C1)
68.4%
M2Obliquus capitis inferior
63.2%
N4Suboccipital nerve (C1)
63.2%
M4Rectus capitis posterior minor
57.9%
O1Transverse process of atlas
57.9%
N2Suboccipital nerve (C1)
57.9%
O2Spinous process of axis
52.6%
Hint Answer % Correct
O3Spinous process of axis
47.4%
I2Transverse process of atlas
42.1%
I4Inferior nuchal line
36.8%
I1Inferior nuchal line
31.6%
I3Inferior nuchal line
31.6%
A2Rotates head
31.6%
O4Posterior arch of atlas
15.8%
A4Extends head
15.8%
A3Extends and rotates head
10.5%
A1Extends head and Lateral flexion of head
5.3%

You're not logged in!

Compare scores with friends on all Sporcle quizzes.
Join for Free
OR
Log In

You Might Also Like...

Show Comments

Extras

Created Aug 22, 2013ReportFavoriteNominate
Tags:muscle, triangle

Top Quizzes Today


Score Distribution

Your Account Isn't Verified!

In order to create a playlist on Sporcle, you need to verify the email address you used during registration. Go to your Sporcle Settings to finish the process.

Report this User

Report this user for behavior that violates our Community Guidelines.

Details: